000 01435nam a2200337 c 4500
003 BLK
005 20240731062730.0
008 180409b bul|||||r ||||||| ||bul||
010 _aKNG00143057000
040 _aBLK
041 _aBUL
_cBUL
072 7 _2bullib
_aН84
_xБългарска художествена литература Н
080 _aБългарска литература
_b821.163.2
_x-1
_z821.163.2-1
100 1 _aМирчевска, Маруся
_eпърви автор
_996916
139 _aМирчевска, Маруся
_bМ 68
245 1 0 _aЗдравейте и доскоро
_bНякога забранени стихове
_cМаруся Мирчевска; худож. Светлин Русев.
250 _a2. изд.
257 _aBGR
260 София
_bСтандарт
_c2011
_fСофия : София
300 _a40 с.
_bс ил.
_c21 см
380 _aX
500 _aПълното име на ил. е Светлин Русев Вълчев. - Изд. на Лидери със сърце
659 _aН
700 _aРусев, Светлин
_qВълчев, Светлин Русев
_d1933-2018
_gБългарски художник, общественик, академик в БАН
_9381023
852 _aЦб 259456
856 4 _qpdf
_u
856 4 _qpdf
_u
942 _cKNG
_n0
944 _aCR
_c23.05.2013
_k30550
_lКети Илиева
944 _aED
_c30.09.2013
_k
999 _c137092
_d137092